000 00315nab a22001097u 4500
008 130520b1986 xxu||||| |||| 00| 0 spa d
041 _aspa
100 1 _aHuels, J.
_967368
245 0 0 _aLa vida parroquial y el nuevo Código
_cJ. Huels
773 0 _tConcilium
_gV.1,1986,págs.389-398
_x0210-1041
_wRev134
942 _cAR
999 _c355194
_d355194